00844nam a2200193 i 450000100060000000300090000600500170001500700030003200800410003510000330007624502390010926000650034830000200041370000230043370000280045685200250048499900170050995201240052689585ES-MaACL20230906180227.0t|050111s1904 fr ||||1| fre d1 aLassalle, Ferdinand.912872410aThéorie systématique des droits acquis, conciliation du droit positif et de la philosophie du droit / cpar Ferdinand Lasalle ; traduction... par J. Bernard ... [et al.] ; revue et accompagnée d'une préface par Charles Andler. aParís : b[s.n., c1904] (eSaint Amand : fImp. Bussiere) a2 v. ; c23 cm.1 aBernard, J.9282401 aAndler, Charles.921494 aES-MaACLjF-14137-38 c89585d89585 00104070aATENEOMbATENEOMcSPP2d2008-01-17eSCl0oF-14137-38p1093560r2023-02-23 00:00:00w2023-02-23yMONOGRAFIA